Southeast Asia Countries - Statistics

General Stats
  • This quiz has been taken 64 times
  • The average score is 6 of 11
Answers on the Map
Answers color-coded by a green-red scale on the quiz's map according to % correct below.
 
Answer Stats
Southeast Asian Countries % Correct
Thailand
71%
Myanmar
68%
Philippines
64%
Indonesia
61%
Laos
61%
Cambodia
57%
Malaysia
57%
Brunei
54%
Vietnam
54%
East Timor
43%
Singapore
39%
No matching quizzes found
Score Distribution
Percent of People with Each Score
Percentile by Number Answered
Your Score History
You have not taken this quiz